Guess the yellow foods - Statistics

General Stats
  • This quiz has been taken 50 times
  • The average score is 13 of 16
Answer Stats
Picture Answer % Correct
lemon
98%
cheese
95%
chip
95%
pineapple
95%
potato
95%
bell peppers
93%
corn
93%
honey
93%
popcorn
91%
pasta
88%
peach
81%
ginger
77%
mustard
72%
melon
67%
passion fruit
51%
quince
23%
No matching quizzes found
Score Distribution
Percent of People with Each Score
Percentile by Number Answered
Your Score History
You have not taken this quiz